00747nam a2200217 a 450000100060000000300090000600800410001502000150005604000280007108200180009910000340011724500430015126000230019430000090021750501760022665000250040265000430042765000300047094200120050099900170051222908CO-ViMGA141112s2004 ck r 000 u spa d a9583367478 aCO-ViMGAbspacCO-ViMGA04aCo863.6 F138c1 aFadul Vergara, William93287010aCuentos Lùdicos... para los desvelos aEspaña : bFamec a87p. aConfucicon caraqueña, El fantasmas de la embajada, Amor de gatos, Catalepsia poética, Amores de planatar, El balcon de los sueños, Sueño Américano, Genoma Ludico14aCUENTOS COLOMBIANOS 14aREFUGIADOS POLITICOS - CUENTOS 93287114aSUEÑOS - CUENTOS 92266 2ddccBK c31199d31199